000 01737cam a2200349 i 4500
001 18737244
003 OSt
005 20260218052715.0
008 150810s2015 enk b 001 0 eng c
010 _a 2015295598
015 _aGBB499570
_2bnb
015 _aGBB4A2648
_2bnb
020 _a9781107035737
020 _a9781316633496
035 _a(OCoLC)ocn898360022
040 _aNLGGC
_beng
_cNLGGC
_erda
_dYDXCP
_dOCLCO
_dGUL
_dGWL
_dBTCTA
_dUKMGB
_dERASA
_dCDX
_dCUD
_dOCLCQ
_dGUB
_dOCLCF
_dOCL
_dDLC
042 _apcc
082 _a341.48 BEC
100 1 _aDe Beco, Gauthier
245 1 2 _aA commentary on the Paris Principles on national human rights institutions /
_cGauthier De Beco and Rachel Murray
264 1 _aCambridge :
_bCambridge University Press,
_c2015.
300 _ax, 202 p. ;
_c24 cm
505 0 _aPart 1. Background: History and Challenges. Introduction, history and context; Challenges: Part 2. Commentary Principle by Principle. Competence; Mandate; Pluralism and representativeness; Independence; Working methods and strategy; Quasi-judicial powers; Stakeholders; Part 3. 20 Years Later: Future of the Paris Principles. An evaluation of the Paris Principles; Annex I. The Paris Principles; Annex II. ICC general observations.
610 2 0 _aUnited Nations.
_bGeneral Assembly.
_tPrinciples relating to the status of national institutions.
650 0 _aNational human rights institutions.
650 0 _aInternational law and human rights.
700 1 _aMurray, Rachel
856 4 1 _3Table of contents
_uhttp://www.loc.gov/catdir/enhancements/fy1602/2015295598-t.html
906 _a7
_bcbc
_cpccadap
_d2
_encip
_f20
_gy-gencatlg
942 _2ddc
_cBK
999 _c112872
_d112872